MARC

LEADER 00000nam0a2200000 4500
001 335354
005 20231102004739.0
035 |a (RuTPU)RU\TPU\book\361719 
090 |a 335354 
100 |a 20170921d1964 km y0rusy50 ca 
101 0 |a rus 
102 |a RU 
105 |a a z 001zy 
200 1 |a Выбор электородвигателей для производственных механизмов  |f В. И. Ключев 
205 |a 2-е изд. 
210 |a Москва  |a Ленинград  |c Энергия  |d 1964 
215 |a 81 с.  |c ил. 
225 1 |a Библиотека электромонтера  |v Выпуск 127 
320 |a Библиогр.: с. 81 
606 1 |a Электродвигатели  |x Выбор типа  |2 stltpush  |3 (RuTPU)RU\TPU\subj\19801  |9 44969 
610 1 |a нагревание 
610 1 |a охлаждение 
610 1 |a режим работы 
610 1 |a нагрузки 
610 1 |a нагрузочная способность 
610 1 |a асинхронные двигатели 
675 |a 621.313.13  |v 4 
700 1 |a Ключев  |b В. И.  |g Владимир Иванович 
801 1 |a RU  |b 63413507  |c 20170921 
801 2 |a RU  |b 63413507  |c 20201119  |g RCR 
942 |c BK